Viejos relatos
Сохранить в:
| Главный автор: | |
|---|---|
| Формат: | |
| Язык: | испанский |
| Опубликовано: |
Santiago
Zig-Zag
1968
|
| Редактирование: | 2a. ed |
| Серии: | Colección Novelistas Chilenos
|
| Предметы: | |
| Метки: |
Добавить метку
Нет меток, Требуется 1-ая метка записи!
|
MARC
| LEADER | 00000nam a2200000 a 4500 | ||
|---|---|---|---|
| 001 | UCU9366 | ||
| 003 | CL-VaPUC | ||
| 008 | 960816e19680000CL |||||||||||||||||spa|d | ||
| 082 | 0 | 4 | |a Ch863 |b DEL |2 21 |
| 100 | 0 | |a Délano, Luis Enrique |e author |9 345394 | |
| 245 | 1 | 0 | |a Viejos relatos |
| 250 | |a 2a. ed | ||
| 300 | |a 269 p | ||
| 942 | |c BK | ||
| 945 | |d 19960816 00:00:00 |a rbrito | ||
| 260 | |a Santiago |b Zig-Zag |c 1968 | ||
| 650 | 0 | |a Novelas chilenas |9 265425 | |
| 583 | |a last modification |c 19960816 00:00:00 |k Rodrigo Vera | ||
| 490 | 0 | |a Colección Novelistas Chilenos | |
| 999 | |c 251124 |d 251122 | ||
| 952 | |0 0 |1 0 |4 0 |6 CH_863_000000000000000_DEL_1968 |7 0 |8 A |9 270087 |a BIBEDU |b BIBEDU |d 2019-11-19 |i 3220877 |o Ch863 DEL 1968 |p 3220877 |r 2019-11-19 |w 2019-11-19 |y BK |k LIT | ||
| 952 | |0 0 |1 0 |4 0 |6 CH_863_000000000000000_DEL_1968 |7 0 |8 A |9 270088 |a BIBEDU |b BIBEDU |d 2019-11-19 |i 1446002 |o Ch863 DEL 1968 |p 1446002 |r 2019-11-19 |w 2019-11-19 |y BK |k LIT | ||